Представление документа в формате RUSMARC

ПолеНазваниеЗначение
  Тип записи a
  Библиографический уровень a
001 Контрольный номер RU/УОНБ/EK_Kray/649856897
005 Дата корректировки 20240131005104.2
100 Данные общей обработки __
a Данные общей обработки 20200804d2020 ||| 0rusy0189 ca
101 Язык документа 0_
a Язык текста rus
102 Страна публикации __
a Страна публикации RU
105 Кодированные данные (монография) __
a Кодированные данные (монография) y###||||000|y
200 Заглавие и сведения об ответственности 1_
a Заглавие Была нам молодость дана
e Сведения, относящиеся к заглавию эхо события
215 Физическое описание __
c Иллюстрации/тип воспроизводства 13 фот.
330 Аннотация __
a Аннотация Традиционная областная фотовыставка в Ленинском мемориале. Номинанты.
461 Уровень набора _0
1 2000
a Симбирскъ
1 011
463 Уровень физической единицы _0
1 001RU/УОНБ/EK_Kray/649849153
1 2000
a № 3
v С. 32-38
1 210
d 2020
600 Персоналии _1
a Персоналии (Фамилия) Улитин, Игорь Владимирович
600 Персоналии _1
a Персоналии (Фамилия) Корженков, Александр
600 Персоналии _1
a Персоналии (Фамилия) Скороходова, Анна
600 Персоналии _1
a Персоналии (Фамилия) Никишин, Владимир
600 Персоналии _1
a Персоналии (Фамилия) Кочетков, Владимир
610 Ключевые слова 0_
a Ключевые слова фотовыставки
610 Ключевые слова 0_
a Ключевые слова фотографы
610 Ключевые слова 0_
a Ключевые слова областные фотовыставки
686 Индексы других классификаций __
a Классификационный индекс 85.16
2 Код системы rubbk
801 Источник записи _0
a Страна RU
b Организация Ульяновская ОНБ
c Дата составления 20200804
g Правила каталогизации RCR
801 Источник записи _1
a Страна RU
b Организация Ульяновская ОНБ
c Дата составления 20200804
g Правила каталогизации RCR
901 Тип документа __
t Тип документа b
w Контрольный № источника RU/УОНБ/EK_Kray/649849153
909 Создатель записи __
a Создатель записи Бороденкова
938 Служебная информация __
a Имя БД kraeved_work
b Имя библиотеки УОНБ
c Имя АИБС МАРК-SQL
d Номер DOC_ID в БД 140665